| 000 | 01151nab a2200301 u 4500 | ||
|---|---|---|---|
| 001 | 03444 | ||
| 003 | HDC | ||
| 007 | cr bn --- | ||
| 008 | 210109p20170607xx n |0 eng | ||
| 040 | _aHDC | ||
| 100 |
_aD. Pratiwi, _eauthor _92792 |
||
| 245 | 0 |
_aApplication of real-time polymerase chain reaction for analysis of porcine DNA in gelatine-containing capsule shell for halal authentication / _cby D. Pratiwi, N.E. Fitriani, Sudjadi, and A. Rohman |
|
| 260 |
_a[No place] : _b[publisher not identified], _c2017 |
||
| 300 | _a1 online resource (5 pages) | ||
| 336 |
_atext _2rdacontent |
||
| 337 |
_acomputer _2rdamedia |
||
| 338 |
_aonline resource _2rdacarrier |
||
| 650 |
_aHalal food industry _9128 |
||
| 650 |
_aHalal food _950 |
||
| 650 |
_aIslam _xCustoms and practices _9691 |
||
| 700 |
_aA. Rohman, _eauthor _92795 |
||
| 700 |
_aN.E. Fitriani, _eauthor _92793 |
||
| 700 |
_aSudjadi, _eauthor _92794 |
||
| 856 | _zRequest full-text at [email protected] | ||
| 942 | _2lcc | ||
| 942 | _cAR | ||
| 942 | _kJART 000052 | ||
| 999 |
_c830 _d830 |
||